<?xml version="1.0" encoding="UTF-8" ?>
<collection xmlns="http://www.loc.gov/MARC21/slim"><record><leader>01290nam a2200289 nc4500</leader><controlfield tag="001">20553</controlfield><controlfield tag="003">CH-000273-5</controlfield><controlfield tag="005">20170712144655.0</controlfield><datafield tag="035" ind1=" " ind2=" "><subfield code="a">(OCoLC)906876164</subfield></datafield><datafield tag="040" ind1=" " ind2=" "><subfield code="a">CH-000273-5</subfield><subfield code="b">ger</subfield><subfield code="e">rda</subfield></datafield><datafield tag="041" ind1=" " ind2=" "><subfield code="a">ger</subfield></datafield><datafield tag="100" ind1="1" ind2="0"><subfield code="0">(DE-588)118665855</subfield><subfield code="a">Ball-Hennings, Emmy</subfield><subfield code="d">1885-1948</subfield><subfield code="e">Verfasser</subfield><subfield code="4">aut</subfield></datafield><datafield tag="245" ind1="0" ind2="0"><subfield code="a">Brief, Frühjahr 1916, Zürich, an Reinhold Rudolf Junghanns</subfield><subfield code="b">Lieber Junghans!</subfield><subfield code="c">Deine Emmy Hennings, Zürich, Hirschengraben 74 bei Frau Stoll, Briefe an Herrn Ball an dieselbe Adresse</subfield></datafield><datafield tag="246" ind1="3" ind2="3"><subfield code="i">Incipit</subfield><subfield code="a">Neulich habe ich einen Gruss an Dich geschrieben ...</subfield></datafield><datafield tag="264" ind1=" " ind2=" "><subfield code="a">Zürich</subfield><subfield code="b">Emmy Hennings</subfield><subfield code="c">[1916]</subfield></datafield><datafield tag="300" ind1=" " ind2=" "><subfield code="a">1 Blatt</subfield><subfield code="c">28 x 22 cm</subfield></datafield><datafield tag="336" ind1=" " ind2=" "><subfield code="a">Text</subfield><subfield code="b">txt</subfield><subfield code="2">rdacontent</subfield></datafield><datafield tag="337" ind1=" " ind2=" "><subfield code="a">ohne Hilfsmittel zu benutzen</subfield><subfield code="b">n</subfield><subfield code="2">rdamedia</subfield></datafield><datafield tag="338" ind1=" " ind2=" "><subfield code="a">Blatt</subfield><subfield code="b">nb</subfield><subfield code="2">rdacarrier</subfield></datafield><datafield tag="500" ind1=" " ind2=" "><subfield code="a">Maschinengeschriebener Brief mit handschriftlichem Zusatz</subfield></datafield><datafield tag="600" ind1="1" ind2="7"><subfield code="a">Ball-Hennings, Emmy</subfield><subfield code="d">1885-1948</subfield><subfield code="x">Brief</subfield><subfield code="x">Typoskript</subfield><subfield code="2">gnd</subfield></datafield><datafield tag="600" ind1="1" ind2="7"><subfield code="a">Junghanns, Reinhold Rudolf</subfield><subfield code="d">1884-1967</subfield><subfield code="2">gnd</subfield></datafield><datafield tag="610" ind1="2" ind2="7"><subfield code="a">Kunsthaus Zürich</subfield><subfield code="x">Sammlung</subfield><subfield code="x">Dadaismus</subfield><subfield code="2">gnd</subfield></datafield><datafield tag="655" ind1="0" ind2="7"><subfield code="a">Brief</subfield><subfield code="2">gnd</subfield></datafield><datafield tag="700" ind1="1" ind2="0"><subfield code="0">(DE-588)122103793</subfield><subfield code="a">Junghanns, Reinhold Rudolf </subfield><subfield code="d">1884-1967</subfield><subfield code="e">Adressat</subfield><subfield code="4">rcp</subfield></datafield><datafield tag="852" ind1="4" ind2="0"><subfield code="a">CH-000273-5</subfield><subfield code="c">DADA II:27</subfield></datafield><datafield tag="856" ind1="4" ind2="1"><subfield code="u">https://digital.kunsthaus.ch/viewer/image/20553/1/</subfield><subfield code="y">Kunsthaus Zürich Sammlungen online</subfield></datafield></record></collection>